000 00948nam a22001937a 4500
005 20260307124203.0
010 _aBACHN26
020 _a9789348203441
_c495.00
037 _bप्रभात एग्जाम
082 _a570
100 _aजैन, पी सी
_988117
245 _a38 Years 2025-1988 नीट जीव विज्ञान /
_bपी सी जैन [और] जय श्री अंकुर शाह
260 _aनई दिल्ली
_bप्रभात एग्जाम
_c2025
270 _a4/19 असफ अली रोड
_bनई दिल्ली
_e110002
_k23286555
300 _a402 पृ.
_c28सेमी (आजिल्द)
500 _aअध्याय्वार एवं टॉपिकवाईज साल्व्ड पेपर्स
700 _aशाह, जय श्री अंकुर
_988105
942 _2ddc
_cHN
_h570
_mजैनपी
999 _c215354
_d215354